<?xml version="1.0" encoding="UTF-8"?>
<record
    xmlns:xsi="http://www.w3.org/2001/XMLSchema-instance"
    xsi:schemaLocation="http://www.loc.gov/MARC21/slim http://www.loc.gov/standards/marcxml/schema/MARC21slim.xsd"
    xmlns="http://www.loc.gov/MARC21/slim">

  <leader>01395nam a2200181 i 4500</leader>
  <controlfield tag="001">170840</controlfield>
  <controlfield tag="003">ES-MaACL</controlfield>
  <controlfield tag="005">20230906214455.0</controlfield>
  <controlfield tag="008">090408s19051906sp           |||| | spa d</controlfield>
  <datafield tag="080" ind1=" " ind2=" ">
    <subfield code="a">94(460)</subfield>
  </datafield>
  <datafield tag="110" ind1="2" ind2=" ">
    <subfield code="a">Real Academia de la Historia (Espa&#xF1;a)</subfield>
    <subfield code="9">6309</subfield>
  </datafield>
  <datafield tag="245" ind1="1" ind2="0">
    <subfield code="a">Discursos le&#xED;dos ante la Academia de la Historia, </subfield>
    <subfield code="f">1905-1906 /</subfield>
    <subfield code="c">Real Academia de la Historia.</subfield>
  </datafield>
  <datafield tag="260" ind1=" " ind2=" ">
    <subfield code="a">Madrid : </subfield>
    <subfield code="b">[s.n.], </subfield>
    <subfield code="c">1905 (</subfield>
    <subfield code="f">Imp. del Patronato de Hu&#xE9;rfanos de Administraci&#xF3;n Militar)</subfield>
  </datafield>
  <datafield tag="300" ind1=" " ind2=" ">
    <subfield code="a">1 v. ; </subfield>
    <subfield code="c">25 cm.</subfield>
  </datafield>
  <datafield tag="505" ind1="0" ind2=" ">
    <subfield code="a">Pedro de Alvarado, conquistador de Guatemala y de Honduras / &#xC1;ngel de Altolaguirre y Duvale (122 p.). Dogmas fundamentales y permanentes de la pol&#xED;tica exterior de Espa&#xF1;a, establecidos por Fernando V de Arag&#xF3;n al constituir la unidad de la monarqu&#xED;a espa&#xF1;ola; Necrolog&#xED;a de D. Manuel Danvila y Collado / Juan P&#xE9;rez de Guzm&#xE1;n y Gallo (46 p., 1 h. de l&#xE1;m.). Contestaci&#xF3;n / Marqu&#xE9;s de Laurenc&#xED;n (p. 47-74). D. Luis de Requesens y la pol&#xED;tica espa&#xF1;ola en los Pa&#xED;ses Bajos; Notas biogr&#xE1;ficas de D. Francisco Silvela y de Le-Vielleuse / Francisco Barado y Font (127 p.). Contestaci&#xF3;n / Juli&#xE1;n Su&#xE1;rez Incl&#xE1;n (p. 129-155). Iberia arqueol&#xF3;gica ante-romana / Jos&#xE9; Ram&#xF3;n M&#xE9;lida (64 p.). Contestaci&#xF3;n / Fidel Fita y Colomer (p. 65-84, XXVIII l&#xE1;m.)</subfield>
  </datafield>
  <datafield tag="651" ind1=" " ind2="4">
    <subfield code="a">Espa&#xF1;a-</subfield>
    <subfield code="x">Historia.</subfield>
    <subfield code="9">8209</subfield>
  </datafield>
  <datafield tag="852" ind1=" " ind2=" ">
    <subfield code="a">ES-MaACL</subfield>
    <subfield code="j">K-130    </subfield>
    <subfield code="z">- Enc. pasta espa&#xF1;ola</subfield>
  </datafield>
  <datafield tag="999" ind1=" " ind2=" ">
    <subfield code="c">170840</subfield>
    <subfield code="d">170840</subfield>
  </datafield>
  <datafield tag="952" ind1=" " ind2=" ">
    <subfield code="0">0</subfield>
    <subfield code="1">0</subfield>
    <subfield code="4">0</subfield>
    <subfield code="7">0</subfield>
    <subfield code="a">ATENEOM</subfield>
    <subfield code="b">ATENEOM</subfield>
    <subfield code="c">ADM</subfield>
    <subfield code="d">2009-04-08</subfield>
    <subfield code="l">0</subfield>
    <subfield code="o">K-130</subfield>
    <subfield code="p">1179295</subfield>
    <subfield code="r">2023-02-23 00:00:00</subfield>
    <subfield code="w">2023-02-23</subfield>
    <subfield code="y">MONOGRAFIA</subfield>
  </datafield>
</record>
